| 000 | 00439nam a22001697a 4500 | ||
|---|---|---|---|
| 003 | MPLRDC | ||
| 005 | 20220104153738.0 | ||
| 008 | 210129b ||||| |||| 00| 0 eng d | ||
| 082 | _a520.9386 LLY-11 | ||
| 100 | _a教总秘书处 | ||
| 245 |
_a林连玉公民权案 _c |
||
| 250 | _a初版 | ||
| 260 |
_a _b林连玉基金委员会 _c1989 |
||
| 300 | _b平 | ||
| 650 | _a教育史及现状--马来西亚 | ||
| 942 |
_cBK _o520.9386 LLY-11 |
||
| 999 |
_c53599 _d53589 |
||